00423 2200157 4500001002100000005001500021035002000036245007400056100001700130300002600147260003600173082000800209084001400217020002200231990001200253INLIS00000000000309320250930102223 a0010-09250004401 aBidadari - Bidadari Hebat Dibalik Tokoh - Tokoh Hebat /cAbdul Syukur0 aAbdul Syukur a204 hlm ;c14 x 20 cm aYogyakarta :bDiva Press,c2011 a000 a000 ABD b a978-602-978-711-5 a0755533